000
00319nam a2200145Ia 4500
008
210716s9999 xx 000 0 und d
020
_a
1889680249
041
_a
eng
082
_a
338.04 ETHI
245
_a
Ethics and entrepreneurship.
250
_a
1
260
_a
VA
300
_a
246
650
_a
Business Ethics
999
_c
206525
_d
206525